| Tag |
First Indicator |
Second Indicator |
Subfields |
| LEADER |
00000cam a22000001a 4500 |
| 001 |
in00003769708 |
| 005 |
20190409171222.0 |
| 006 |
m o d f |
| 007 |
cr bn mmmapmmp |
| 008 |
040322s1919 ph o f000 0 eng d |
| 035 |
|
|
|a ebd1910707488
|
| 040 |
|
|
|a UMI
|c UMI
|d UtOrBLW
|
| 086 |
0 |
|
|a W 49.10/10:83
|
| 099 |
|
|
|a W49.10-22.83
|
| 245 |
0 |
0 |
|a Amending Par. II, C.M.C. No. 81, and Par. IV, C.M.C. No. 96, prescribing additional regulations for Aparri harbor and district.
|
| 264 |
|
1 |
|a Manila, Philippines :
|b [publisher not identified],
|c 1919.
|
| 300 |
|
|
|a 1 online resource (2 pages)
|
| 336 |
|
|
|a text
|b txt
|2 rdacontent
|
| 337 |
|
|
|a computer
|b c
|2 rdamedia
|
| 338 |
|
|
|a online resource
|b cr
|2 rdacarrier
|
| 490 |
0 |
|
|a Philippine Customs Admin. Order No. 83
|
| 500 |
|
|
|a [on Philippine customs regulations].
|
| 500 |
|
|
|a Record is based on bibliographic data in ProQuest U.S. Executive Branch Documents, 1910-1932. Reuse except for individual research requires license from ProQuest, LLC.
|
| 533 |
|
|
|a Electronic reproduction.
|b [Bethesda, Md.] :
|c ProQuest,
|d 2012.
|e digital, PDF file.
|n ProQuest U.S. Executive Branch Documents, 1910-1932.
|n Mode of access: World Wide Web via ProQuest website.
|
| 538 |
|
|
|a System requirements: PDF reader software.
|
| 500 |
|
|
|a Electronic resource.
|
| 610 |
1 |
0 |
|a Philippines.
|b Bureau of Customs.
|0 http://id.loc.gov/authorities/names/n85214888
|
| 651 |
|
0 |
|a Aparri (Philippines)
|0 http://id.loc.gov/authorities/names/n84180658
|
| 655 |
|
7 |
|a Electronic books.
|2 local
|
| 710 |
1 |
|
|a Philippines.
|b Bureau of Customs.
|0 http://id.loc.gov/authorities/names/n85214888
|
| 776 |
1 |
8 |
|i Microfiche version:
|t Amending Par. II, C.M.C. No. 81, and Par. IV, C.M.C. No. 96, prescribing additional regulations for Aparri harbor and district
|o CIS US Exec MF W49.10-22.83
|w (ProQuest)cis19175617
|
| 856 |
4 |
0 |
|u http://proxy.library.tamu.edu/login?url=http://congressional.proquest.com/congressional/docview/t66.d71.w49.10-22.83
|z Connect to the full text of this electronic document
|t 0
|
| 999 |
f |
f |
|s 5ed8ce46-0226-30b8-b7d1-aaca2b10a4e6
|i b46f2f0c-4350-3a17-84ba-6b75028207cf
|t 0
|
| 952 |
f |
f |
|a Texas A&M University
|b College Station
|c Electronic Resources
|d Available Online
|t 0
|h No information provided
|
| 998 |
f |
f |
|t 0
|l Available Online
|